书目信息 |
| 题名: |
马小松的视界
|
|
| 作者: | 马松 作品 | |
| 分册: | ||
| 出版信息: | 北京 金城出版社 2010.08 |
|
| 页数: | 237页 | |
| 开本: | 24cm | |
| 丛书名: | ||
| 单 册: | ||
| 中图分类: | K825.42=76 | |
| 科图分类: | ||
| 主题词: | ||
| 电子资源: | ||
| ISBN: | 978-7-80251-489-8 | |
| 000 | 00981nam0 2200253 45 | |
| 001 | 1237641544 | |
| 005 | 20120619155645.35 | |
| 010 | @a978-7-80251-489-8@dCNY29.80 | |
| 100 | @a20100730d2010 em y0chiy0110 ea | |
| 101 | 0 | @achi |
| 102 | @aCN@b110000 | |
| 105 | @aa z 000ya | |
| 106 | @ar | |
| 200 | 1 | @a马小松的视界@AMa Xiao Song De Shi Jie@e90后新锐主播的小肩膀大梦想@E90 Hou Xin Rui Zhu Bo De Xiao Jian Bang Da Meng Xiang@f马松作品@FMa Song Zuo Pin |
| 210 | @a北京@c金城出版社@d2010.08 | |
| 215 | @a237页@c图,照片@d24cm | |
| 330 | @a本书主要内容包括:我的童年;偏离的自由;圆梦湖南;现实照进梦想;人生AB面;唱响日记;天使明星汇;下一个天亮;好友眼中的马小松等。 | |
| 517 | 1 | @a90后新锐主播的小肩膀大梦想@A90 Hou Xin Rui Zhu Bo De Xiao Jian Bang Da Meng Xiang |
| 600 | 0 | @a马松@f1989~@x自传 |
| 600 | 0 | @a马松@f1989~ |
| 690 | @aK825.42=76@v4 | |
| 701 | 0 | @a马松@AMa Song@f(1989~)@4作品 |
| 801 | 0 | @aCN@bTSTCL@c20120604 |
| 905 | @b0817679-82@dK825.42=76@e732@f4 | |
| 马小松的视界:90后新锐主播的小肩膀大梦想/马松作品.-北京:金城出版社,2010.08 |
| 237页:图,照片;24cm |
| ISBN 978-7-80251-489-8:CNY29.80 |
| 本书主要内容包括:我的童年;偏离的自由;圆梦湖南;现实照进梦想;人生AB面;唱响日记;天使明星汇;下一个天亮;好友眼中的马小松等。 |
| ● |
| 相关链接 |
|
|
|
|
正题名:马小松的视界
索取号:K825.42=76/732
 
预约/预借
| 序号 | 登录号 | 条形码 | 馆藏地/架位号 | 状态 | 备注 |
| 1 | 0817679 | 208176793 | 第二样本阅览室/ [索取号:K825.42=76/732] | 在馆 | |
| 2 | 0817680 | 208176800 | 第二借阅区/ [索取号:K825.42=76/732] | 在馆 | |
| 3 | 0817681 | 208176819 | 第二借阅区/ [索取号:K825.42=76/732] | 在馆 | |
| 4 | 0817682 | 208176828 | 第二借阅区/ [索取号:K825.42=76/732] | 在馆 |